Théorie du potentiel newtonien (Record no. 162368)

MARC details
000 -LEADER
campo de control de longitud fija 01123nam a22002415i 4500
001 - NÚMERO DE CONTROL
campo de control 162368
003 - IDENTIFICADOR DE NÚMERO DE CONTROL
campo de control ES-MaACL
005 - FECHA Y HORA DE LA ÚLTIMA TRANSACCIÓN
campo de control 20250903021743.0
008 - DATOS DE LONGITUD FIJA--INFORMACIÓN GENERAL
campo de control de longitud fija 041108s1899 fr |||| | fre d
040 ## - FUENTE DE CATALOGACIÓN
Centro catalogador/agencia de origen CAM
Lengua de catalogación spa
Centro/agencia transcriptor CAM
100 0# - ENTRADA PRINCIPAL--NOMBRE DE PERSONA
Nombre de persona Poincaré, Henri.
9 (RLIN) 92751
245 10 - MENCIÓN DEL TÍTULO
Título Théorie du potentiel newtonien
Resto del título : leçons professées pendant le premier semestre 1894-1895 /
Mención de responsabilidad, etc. par H. Poincaré ; rédigées par Edouard Le Roy, Georges Vincent.
260 ## - PUBLICACIÓN, DISTRIBUCIÓN, ETC.
Lugar de publicación, distribución, etc. Paris :
Nombre del editor, distribuidor, etc. Gauthier-Villars, imprimeur-libraire,
Fecha de publicación, distribución, etc. 1899 (
Lugar de fabricación/manufactura Evreux :
Fabricante Imprimerie de Charles Hérissey)
300 ## - DESCRIPCIÓN FÍSICA
Extensión 366 p. ;
Dimensiones 25 cm.
490 1# - MENCIÓN DE SERIE
Mención de serie Cours de la Faculté des Sciences de Paris. Cours de physique mathématique
596 ## - NOTA AL PIE DE IMPRENTA
NOTA AL PIE DE IMPRENTA Existe emisión con pie de imp.: "Paris : Georges Carré et C. Naud, éditeurs, 1899"
650 #7 - PUNTO DE ACCESO ADICIONAL DE MATERIA--TÉRMINO DE MATERIA
Término de materia o nombre geográfico como elemento de entrada Teoría del potencial
Fuente del encabezamiento o término embne
9 (RLIN) 136757
700 0# - ENTRADA AGREGADA--NOMBRE PERSONAL
Nombre de persona Le Roy, Edouard.
9 (RLIN) 70928
700 1# - ENTRADA AGREGADA--NOMBRE PERSONAL
Nombre de persona Vincent, Georges.
9 (RLIN) 133782
830 0# - PUNTO DE ACCESO ADICIONAL DE SERIE-TÍTULO UNIFORME
Título uniforme Cours de la Faculté des Sciences de Paris. Cours de physique mathématique
9 (RLIN) 188390
852 ## - LOCALIZACIÓN
Ubicación ES-MaACL
Número de control de estantería G-5855
Nota libre -- Enc. hol., conservando la cub. original
Holdings
Estatus retirado Estado de pérdida Estado de daño No para préstamo Colección Biblioteca de origen Biblioteca actual Ubicación en estantería Fecha de adquisición Fuente de adquisición Total de préstamos Signatura topográfica completa Código de barras Visto por última vez Precio de reemplazo Tipo de ítem Koha
        Libros del s. XIX Biblioteca del Ateneo de Madrid Biblioteca del Ateneo de Madrid Depósito 2 17/01/2008     G-5855 1170103 23/02/2023 23/02/2023 Libro impreso antiguo